Povzbudivý růst ekonomiky regionů: cílená regulace versus tržní autoregulace?
Poradie 27 krajín EÚ podľa relácii k hodnote GDP na obyvateľa. Porovnanie indexu rastu. Pojem miera povzbudivého rastu podniku. Vymedzenie miery povzbudivého rastu regiónu. Dynamika regionálnej tvorby kapitálových zdrojov.
Gespeichert in:
| 1. Verfasser: | |
|---|---|
| Weitere Verfasser: | |
| Format: | Buchkapitel |
| Sprache: | Tschechisch |
| Schlagworte: | |
| Tags: |
Keine Tags, Fügen Sie das erste Tag hinzu!
|
MARC
| LEADER | 00000naa$a2200000$$$4500 | ||
|---|---|---|---|
| 001 | 0110541 | ||
| 005 | 20231121105235.8 | ||
| 041 | 0 | |a cze | |
| 044 | |a CZ | ||
| 245 | 1 | 0 | |a Povzbudivý růst ekonomiky regionů: cílená regulace versus tržní autoregulace? |c Ivana Kraftová, Jiří Kraft |
| 520 | |a Poradie 27 krajín EÚ podľa relácii k hodnote GDP na obyvateľa. Porovnanie indexu rastu. Pojem miera povzbudivého rastu podniku. Vymedzenie miery povzbudivého rastu regiónu. Dynamika regionálnej tvorby kapitálových zdrojov. | ||
| 610 | 2 | 0 | |a regulácia hospodárska |
| 610 | 2 | 0 | |a produkt domáci hrubý |
| 610 | 2 | 0 | |a krajiny vyspelé |
| 610 | 2 | 0 | |a podnik |
| 610 | 2 | 0 | |a regióny |
| 610 | 2 | 0 | |a Európska únia |
| 610 | 2 | 0 | |a porovnanie medzinárodné |
| 610 | 2 | 0 | |a index relácií výmenných |
| 610 | 2 | 0 | |a rast hospodársky |
| 100 | 1 | |a Kraftová, Ivana | |
| 700 | 1 | |a Kraft, Jiří | |